The multinationals /

Saved in:
Bibliographic Details
Main Author: Tugendhat, Christopher, 1937-
Format: Book
Language:English
Published: Harmondsworth : Penguin, 1973.
Series:Pelican library of business and management
Subjects:
LEADER 01061nam a2200277 i 4500
001 c000001674
003 CARM
005 00000000000000.0
008 830301r19731971enkah 00110 eng d
015 |a B7320710 
019 1 |a 23843977  |z 2601356  |z 22478879  |5 LACONCORD2021 
020 |a 0140216952 (Pbk) :  |c L.0.50 
035 |a (OCoLC)16253304  |5 LACONCORD2021 
050 0 0 |a HD69.I7 
100 1 |a Tugendhat, Christopher,  |d 1937- 
245 1 4 |a The multinationals /  |c [by] Christopher Tugendhat. 
260 |a Harmondsworth :  |b Penguin,  |c 1973. 
300 |a 288p :  |b ill, facsim ;  |c 19cm. 
440 0 |a Pelican library of business and management 
500 |a Originally published, London: Eyre and Spottiswoode, 1971. 
504 |a Bibl.p.269-271. - Index. 
650 0 |a International business enterprises. 
852 8 |b CARM  |h A2:AE31G0  |i A00057  |p 0011437  |f BK 
082 0 4 |a 338.8/8 
999 f f |i 943a07e2-c1fc-571c-a9c3-9bf9c29d5113  |s 0080bdc9-7d7e-5c36-a057-2524a7fd6bce 
952 f f |p Can circulate  |a CAVAL  |b CAVAL  |c CAVAL  |d CARM 1 Store  |e A00057  |f A2:AE31G0  |h Other scheme  |i book  |m 0011437